Statistics for Word Chain - France

Click here to take the quiz!

General Stats

  • This quiz has been taken 36,617 times
  • The average score is 15 of 21

Answer Stats

HintAnswer% Correct
Capital of FranceParis
100%
Country on France's eastern borderSwitzerland
90%
French-speaking province of CanadaQuebec
88%
Paris theatre famous for can-can
dancing: Moulin _____
Rouge
88%
Crescent-shaped pastryCroissant
87%
Frenchman who conquered
most of Europe
Napoleon
87%
Tallest mountain in France: Mont _____Blanc
86%
Fashion designer: Christian ____Dior
83%
"Pleasant" city on the RivieraNice
81%
French word for waterEau
80%
French word for fiveCinq
78%
Snail in French cuisineEscargot
78%
Muslim head covering banned
in public schools
Hijab
75%
D-day beach named for a U.S. stateUtah
72%
French word often followed by "d'etat"Coup
68%
International police organization
based in Lyon
Interpol
63%
Largest island in French PolynesiaTahiti
60%
President of France: 1995–2007Chirac
51%
High speed train (three letters)TGV
50%
Painter: Henri de Toulouse-________Lautrec
41%
One of the deadliest battles of WWIVerdun
40%

Score Distribution

Percentile by Number Answered

Percent of People with Each Score

Your Score History

You have not taken this quiz